Detalles MARC
| 000 -CABECERA |
| campo de control de longitud fija |
01423nam a2200253 a 4500 |
| 001 - NÚMERO DE CONTROL |
| campo de control |
000015801 |
| 005 - FECHA Y HORA DE LA ÚLTIMA TRANSACCIÓN |
| campo de control |
20200929164146.0 |
| 008 - DATOS DE LONGITUD FIJA--INFORMACIÓN GENERAL |
| campo de control de longitud fija |
100218s1954 dr r 000 0 spa d |
| 040 ## - FUENTE DE LA CATALOGACIÓN |
| Centro catalogador/agencia de origen |
DO-SdBNP |
| Lengua de catalogación |
spa |
| Centro/agencia transcriptor |
BNPHU |
| 082 ## - NÚMERO DE LA CLASIFICACIÓN DECIMAL DEWEY |
| Número de clasificación |
341 |
| Número de documento/Ítem |
H565c |
| 100 1# - ENTRADA PRINCIPAL--NOMBRE DE PERSONA |
| Nombre de persona |
Herrera Báez, Porfirio |
| 9 (RLIN) |
11788 |
| 245 13 - MENCIÓN DE TÍTULO |
| Título |
El Consejo Interamericano de Jurisconsultos / |
| Mención de responsabilidad, etc. |
Porfirio Herrera Báez. |
| 260 ## - PUBLICACIÓN, DISTRIBUCIÓN, ETC. |
| Lugar de publicación, distribución, etc. |
Santo Domingo : |
| Nombre del editor, distribuidor, etc. |
Editora del Caribe, |
| Fecha de publicación, distribución, etc. |
1954. |
| 300 ## - DESCRIPCIÓN FÍSICA |
| Extensión |
v. ; |
| Dimensiones |
24 cm. |
| 500 ## - NOTA GENERAL |
| Nota general |
Los temas sobre el reconocimiento de gobiernos de facto y la protección internacional de los derechos humanos en la II reunión del Consejo de Jurisconsultos, Buenos Aires, 1953 |
| 500 ## - NOTA GENERAL |
| Nota general |
La biblioteca posee el v. 1, 2 |
| 504 ## - NOTA DE BIBLIOGRAFÍA, ETC. |
| Nota de bibliografía, etc. |
Incluye referencias bibliográficas y notas al pie de las páginas |
| 505 0# - NOTA DE CONTENIDO CON FORMATO |
| Información miscelánea |
v.1. |
| Título |
Rio de Janeiro, 1950 : Contribución al estudio de algunos temas de codificación y desarrollo del derecho internacional y de unificación de legislaciones en el continente americano.-- |
| Información miscelánea |
v.2. |
| Título |
Buenos Aires, 1953: Los temas sobre el Reconocimiento de Gobiernos de facto y la protección internacional de los derechos humanos. |
| 590 ## - NOTA LOCAL (RLIN) |
| Nota local |
Inventariado, 2018/ YL |
| 610 20 - PUNTO DE ACCESO ADICIONAL DE MATERIA--NOMBRE DE ENTIDAD CORPORATIVA |
| Nombre de entidad corporativa o nombre de jurisdicción como elemento de entrada |
CONSEJO INTERAMERICANO DE JURISCONSULTOS |
| 9 (RLIN) |
35558 |
| 651 #4 - PUNTO DE ACCESO ADICIONAL DE MATERIA--NOMBRE GEOGRÁFICO |
| Nombre geográfico |
América |
| Subdivisión general |
Legislación |
| Subdivisión de forma |
CONGRESOS, CONFERENCIAS, ETC. |
| 9 (RLIN) |
35559 |
| 651 #4 - PUNTO DE ACCESO ADICIONAL DE MATERIA--NOMBRE GEOGRÁFICO |
| Nombre geográfico |
Derecho Internacional |
| Subdivisión de forma |
CONGRESOS, CONFERENCIAS, ETC. |
| 9 (RLIN) |
35560 |
| 910 ## - DATOS DE OPCIÓN DEL USUARIO (OCLC) |
| Datos de opción del usuario |
Validado. Control de calidad MFF |